000 00362 a2200169 4500
001 195437
020 _a978-85-250-5964-2
040 _cMagnum
100 _aFragata, Cláudio
240 1 0 _aO tupi que você fala
_l
245 1 0 _aO tupi que você fala
300 _a31
362 0 _a2015
440 1 _aGlobo
697 _aLITERATURA INFANTIL
942 _cBK
999 _c195437
_d195437